00748cam a2200205Ia 4500020002800000020003100028082003200059100001900091245011300110250001200223260004200235300005700277526003700334650003000371650002800401650002700429650000800456710001800464856006000482 a1405168390 (electronic) a9781405168397 (electronic)04a624.1821bJOHcL-01, P-111.1 aJohnson, R. P.10aComposite structures of steel and concretebbeams, slabs, columns, and frames for buildings /cR.P. Johnson. a3rd ed. aMalden, MA :bBlackwell Pub.,cc2004. axviii, 230 p. :bill. : digital, HTML and PDF files. a0b0c0d624_182100000000000_JOH 0aBuilding, Iron and steel. 0aComposite construction. 0aConcrete construction. 0aMCE2 aKnovel (Firm)40uhttp://www.columbia.edu/cgi-bin/cul/resolve?clio6985673